| 000 | 00523nam a2200193Ia 4500 | ||
|---|---|---|---|
| 001 | 9564 | ||
| 003 | GE_BSU | ||
| 008 | 181216s||||||||xx |||||||||||||| ||und|| | ||
| 040 | _cGE_BSU | ||
| 245 | _aФармация. №2 2014 | ||
| 245 | _bНаучно-практический журнал | ||
| 245 | _cГл. ред.И.А.Самылина | ||
| 260 | _aМосква | ||
| 260 | _bооо Русский врач | ||
| 260 | _c2014 | ||
| 300 | _a56стр.28см. | ||
| 653 | _aФармация. №1 2014 | ||
| 942 | _cCR | ||
| 999 |
_c42856 _d42856 |
||